[Event "7th EUR-ch (w)"]
[Site "Kusadasi TUR"]
[Date "2006.04.14"]
[Round "10"]
[White "Makropoulou, Marina"]
[Black "Melia, Salome"]
[Result "0-1"]
[WhiteElo "2305"]
[BlackElo "2391"]
[EventDate "2006.04.04"]
[PlyCount "96"]

1.g3 e5 2.Bg2 d5 3.d3 c5 4.Nd2 Nc6 5.e4 Nf6 6.Ne2 Be7 7.O-O O-O 8.c3 Be6 
9.Qc2 Qd7 10.Nf3 dxe4 11.dxe4 Rad8 12.b3 Qd3 13.Ne1 Qa6 14.h3 Bxb3 15.Qxb3
Qxe2 16.Qxb7 Rd6 17.Bf3 Qc4 18.Qb3 Qxb3 19.axb3 Rb8 20.Be3 Rxb3 21.Bxc5 
Rd7 22.Bxe7 Rxe7 23.Rc1 Rd7 24.Nc2 Rd3 25.Ne3 Rdxc3 26.Kg2 g6 27.Rxc3 Rxc3
28.Ra1 Rc5 29.Ra6 Nd7 30.Nd5 Ndb8 31.Ra4 h5 32.Be2 Kf8 33.h4 a5 34.Bc4 Nb4
35.Ne3 N8c6 36.Bd5 Ke7 37.Bxc6 Nxc6 38.Nc4 Rb5 39.Ne3 Kd6 40.Ra2 Rb4 41.f3
Kc5 42.Rc2+ Kb5 43.Nd5 Rc4 44.Nc7+ Kc5 45.Na6+ Kd4 46.Rd2+ Ke3 47.Rd7 Rc2+
48.Kh3 Kxf3 0-1

[Event "7th EUR-ch (w)"]
[Site "Kusadasi TUR"]
[Date "2006.04.14"]
[Round "10"]
[White "Burtasova, Anna"]
[Black "Houska, Jovanka"]
[Result "1/2-1/2"]
[WhiteElo "2293"]
[BlackElo "2378"]
[EventDate "2006.04.04"]
[PlyCount "130"]

1.e4 e5 2.Bc4 Nf6 3.d3 c6 4.Nf3 Be7 5.O-O d6 6.Nc3 h6 7.Bb3 Nbd7 8.Ne2 O-O
9.c3 d5 10.Ng3 Re8 11.Re1 Bf8 12.d4 exd4 13.e5 Nh7 14.cxd4 Nb6 15.Bc2 Bb4 
16.Qd3 Nf8 17.Bd2 a5 18.Bxb4 axb4 19.Nd2 Qh4 20.Rf1 Nc4 21.f4 Nxb2 22.Qb3 
Nc4 23.Nxc4 dxc4 24.Qxc4 Be6 25.Qxb4 Red8 26.Nf5 Bxf5 27.Bxf5 Qh5 28.Bh3 
b5 29.Rf2 Ra4 30.Qc3 Raxd4 31.Qxc6 Rd1+ 32.Rxd1 Qxd1+ 33.Rf1 Qd4+ 34.Kh1 
Qb2 35.Qb6 Rd4 36.e6 Qe2 37.exf7+ Kxf7 38.Rg1 Rd2 39.a3 Kg8 40.Qb8 Rd1 41.
Be6+ Kh7 42.Bf5+ Kg8 43.Qe5 Qd2 44.h3 Rxg1+ 45.Kxg1 Qc1+ 46.Kh2 Qxa3 47.
Qxb5 Qd6 48.Qc4+ Kh8 49.Kg3 g6 50.Bc2 g5 51.Bf5 Ng6 52.Bxg6 gxf4+ 53.Qxf4 
Qxg6+ 54.Qg4 Qd6+ 55.Kh4 Kh7 56.Qf5+ Kg7 57.Kh5 Qc6 58.Qe5+ Kf7 59.g4 Qg6+
60.Kh4 Qf6+ 61.Qxf6+ Kxf6 62.Kh5 Kg7 63.h4 Kh7 64.g5 hxg5 65.hxg5 Kg7 
1/2-1/2

[Event "7th EUR-ch (w)"]
[Site "Kusadasi TUR"]
[Date "2006.04.14"]
[Round "10"]
[White "Velcheva, Maria"]
[Black "Zielinska, Marta"]
[Result "1-0"]
[WhiteElo "2279"]
[BlackElo "2366"]
[EventDate "2006.04.04"]
[PlyCount "105"]

1.e4 d6 2.d4 Nf6 3.Nc3 Nc6 4.Nf3 Bg4 5.Be2 e5 6.d5 Ne7 7.h3 Bd7 8.Be3 Ng6 
9.Qd2 Be7 10.g4 h6 11.O-O-O Nh7 12.Kb1 c6 13.Ne1 c5 14.f4 exf4 15.Bxf4 Bg5
16.Bxg5 Qxg5 17.Qd3 O-O 18.h4 Qe7 19.Qg3 b5 20.Bxb5 Bxb5 21.Nxb5 Rfd8 22.
Nc3 Nf6 23.h5 Ne5 24.Nf3 Nc4 25.g5 hxg5 26.Qxg5 Qb7 27.b3 Nh7 28.Qg3 Qb4 
29.Nd2 Na3+ 30.Kb2 Rd7 31.Rdg1 f6 32.h6 g5 33.Qg4 Re7 34.Rf1 Rf8 35.Qe2 a5
36.Qd3 Ra7 37.e5 dxe5 38.d6 c4 39.Qd5+ Kh8 40.d7 Qe7 41.Nde4 cxb3 42.axb3 
a4 43.Rd1 Raa8 44.Qd6 Qd8 45.Ra1 Nxc2 46.Kxc2 axb3+ 47.Kxb3 Rb8+ 48.Kc2 
Rb6 49.Qd2 Rb4 50.Rhd1 Rb8 51.Rdb1 Rxb1 52.Rxb1 Rg8 53.Nd6 1-0

[Event "7th EUR-ch (w)"]
[Site "Kusadasi TUR"]
[Date "2006.04.14"]
[Round "10"]
[White "Dzagnidze, Nana"]
[Black "Cherednichenko, Svetlana"]
[Result "1-0"]
[WhiteElo "2454"]
[BlackElo "2238"]
[EventDate "2006.04.04"]
[PlyCount "49"]

1.d4 Nf6 2.c4 g6 3.Nc3 Bg7 4.e4 d6 5.Be2 O-O 6.Bg5 Na6 7.Qd2 c5 8.d5 Re8 
9.f4 Qa5 10.Nf3 e6 11.O-O exd5 12.cxd5 Qb6 13.e5 Ng4 14.Bb5 c4+ 15.Kh1 Bf5
16.Bxe8 Rxe8 17.Rae1 Bd3 18.exd6 Rf8 19.Be7 Bxf1 20.Bxf8 Bxf8 21.Rxf1 Bxd6
22.Ne5 Nxe5 23.fxe5 Bxe5 24.Qe2 Bd4 25.Re1 1-0

[Event "7th EUR-ch (w)"]
[Site "Kusadasi TUR"]
[Date "2006.04.14"]
[Round "10"]
[White "Muhren, Bianca"]
[Black "Arakhamia-Grant, Ketevan"]
[Result "0-1"]
[WhiteElo "2253"]
[BlackElo "2423"]
[EventDate "2006.04.04"]
[PlyCount "98"]

1.e4 c5 2.Nf3 Nc6 3.d4 cxd4 4.Nxd4 Nf6 5.Nc3 e5 6.Ndb5 d6 7.Bg5 a6 8.Na3 
b5 9.Nd5 Be7 10.Bxf6 Bxf6 11.c3 O-O 12.Nc2 Rb8 13.h4 Be7 14.Nce3 Be6 15.
Qf3 Qd7 16.Rd1 Bd8 17.Bd3 Ne7 18.Bc2 b4 19.Nxb4 a5 20.Nbd5 Bxd5 21.Nxd5 
Nxd5 22.Rxd5 Rxb2 23.Qd1 Rxa2 24.Rxd6 Qc7 25.Rd3 Qb6 26.g3 Qb2 27.O-O Bb6 
28.Rd6 Bc5 29.Rd5 Qxc3 30.Bd3 Bd4 31.Qf3 a4 32.Kg2 a3 33.Bb1 Rb2 34.Qxc3 
Bxc3 35.Rc5 Rxb1 36.Rxc3 Rxf1 37.Kxf1 Ra8 38.Rc1 a2 39.Ra1 f6 40.Ke2 Ra3 
41.Kd2 Kf7 42.h5 Ke6 43.g4 Kd6 44.Kc1 Kc5 45.Kb2 Kb4 46.Rxa2 Rxa2+ 47.Kxa2
Kc3 48.f4 exf4 49.g5 h6 0-1

[Event "7th EUR-ch (w)"]
[Site "Kusadasi TUR"]
[Date "2006.04.14"]
[Round "10"]
[White "Vasylevich, Tatiana"]
[Black "Fakhiridou, Ekaterini"]
[Result "1-0"]
[WhiteElo "2395"]
[BlackElo "2292"]
[EventDate "2006.04.04"]
[PlyCount "153"]

1.d4 d5 2.c4 dxc4 3.e3 Nf6 4.Bxc4 e6 5.Nf3 a6 6.O-O c5 7.a4 b6 8.Qe2 Bb7 
9.Nc3 Qc7 10.Rd1 Nbd7 11.h3 Be7 12.e4 cxd4 13.Nxd4 O-O 14.Bg5 Rfe8 15.Rac1
Qb8 16.Ba2 Bc5 17.Bb1 h6 18.Be3 Qa7 19.Nb3 Bxe3 20.Qxe3 Qb8 21.f4 Ra7 22.
Rd2 Ba8 23.Rcd1 Rc7 24.Qd3 Nf8 25.Qxa6 Rxc3 26.bxc3 Qxf4 27.Rf2 Qc7 28.Qb5
N8d7 29.Qb4 Bc6 30.Nd4 Nc5 31.Nb5 Qe5 32.Nd6 Rd8 33.Rfd2 Nfd7 34.Nc4 Qg3 
35.Nxb6 Rb8 36.a5 Qe3+ 37.Kh1 Nxb6 38.axb6 Bxe4 39.Qd4 Qxd4 40.cxd4 Nb3 
41.Bxe4 Nxd2 42.Rxd2 Rxb6 43.Kg1 Kf8 44.Kf2 Ke7 45.Ra2 Rb4 46.Ke3 Rb3+ 47.
Kd2 Rb8 48.Ra7+ Kf6 49.Bf3 Rb2+ 50.Kc3 Rf2 51.Kc4 Kg6 52.Kc5 Rc2+ 53.Kd6 
Rd2 54.Ke5 Rf2 55.Rb7 Rf1 56.Kd6 Kf6 57.Kd7 Ra1 58.Rb4 Ra7+ 59.Bb7 Ra2 60.
Ke8 Rd2 61.Bc6 Rc2 62.Kd7 Rd2 63.Kd6 Kg6 64.Be4+ Kf6 65.Bf3 Ra2 66.Rb7 Ra5
67.Bc6 Kg6 68.Rb3 Kf6 69.Rf3+ Kg6 70.Kd7 Ra7+ 71.Kd6 Ra6 72.Rf2 Ra1 73.Be8
Ra7 74.Rxf7 Ra6+ 75.Ke5 Ra5+ 76.Kxe6 Ra6+ 77.Ke5 1-0

[Event "7th EUR-ch (w)"]
[Site "Kusadasi TUR"]
[Date "2006.04.14"]
[Round "10"]
[White "Aginian, Nelly"]
[Black "Lematschko, Tatjana"]
[Result "1-0"]
[WhiteElo "2333"]
[BlackElo "2180"]
[EventDate "2006.04.04"]
[PlyCount "97"]

1.e4 g6 2.d4 Bg7 3.Nc3 c6 4.Nf3 d5 5.h3 dxe4 6.Nxe4 Bf5 7.Ng3 Nh6 8.Nxf5 
Nxf5 9.c3 Nd7 10.Bd3 e6 11.O-O O-O 12.Qe2 Re8 13.Bf4 Bh6 14.Bh2 Ne7 15.c4 
Bg7 16.Rad1 Qb6 17.b3 c5 18.dxc5 Nxc5 19.Bb1 Nc6 20.Qe3 Rad8 21.Bf4 e5 22.
Bh6 f6 23.Rd5 Bxh6 24.Qxh6 Ne7 25.Rdd1 Rxd1 26.Rxd1 Rd8 27.Rxd8+ Qxd8 28.
Qe3 Qd1+ 29.Kh2 b6 30.Be4 a5 31.Nd2 Qa1 32.Bd5+ Kg7 33.Ne4 Nf5 34.Qf3 Qxa2
35.Nxc5 bxc5 36.Be6 Qc2 37.Bxf5 gxf5 38.Qe3 a4 39.bxa4 Qxc4 40.a5 Qb4 41.
a6 Qb6 42.Qd3 Kg6 43.g4 e4 44.gxf5+ Kh5 45.Qe2+ Kh6 46.Qd2+ Kh5 47.Qa2 Qa7
48.Qe6 c4 49.Qxc4 1-0

[Event "7th EUR-ch (w)"]
[Site "Kusadasi TUR"]
[Date "2006.04.14"]
[Round "10"]
[White "Topel, Zehra"]
[Black "Motoc, Alina"]
[Result "1/2-1/2"]
[WhiteElo "2132"]
[BlackElo "2342"]
[EventDate "2006.04.04"]
[PlyCount "142"]

1.d4 Nf6 2.c4 g6 3.Nc3 Bg7 4.e4 d6 5.f3 Nc6 6.Nge2 a6 7.Bg5 Rb8 8.Qd2 b5 
9.cxb5 axb5 10.d5 Na7 11.Nd4 Bd7 12.b4 c5 13.dxc6 Nxc6 14.Nxc6 Bxc6 15.Rd1
Qc7 16.Be2 Qa7 17.Be3 Qa3 18.Nb1 Qa8 19.O-O O-O 20.Rc1 Rfd8 21.Rc2 d5 22.
Qc1 Rbc8 23.Bb6 Re8 24.exd5 Nxd5 25.Bc5 Qb8 26.Bd3 Nf4 27.Rd1 Be5 28.Be4 
Ne6 29.g3 Qb7 30.Bf2 Bxe4 31.fxe4 Rxc2 32.Qxc2 Rc8 33.Qd3 Rd8 34.Qc2 Rxd1+
35.Qxd1 Qxe4 36.Qe1 Qf5 37.Be3 Nd4 38.Bxd4 Bxd4+ 39.Kg2 Qd5+ 40.Kh3 Qxa2 
41.Qxe7 Kg7 42.Qe4 Qb2 43.Na3 Bg1 44.Nc2 Qf6 45.Qe2 Qf5+ 46.Kg2 Bb6 47.Na3
Qd5+ 48.Kh3 h5 49.Nc2 g5 50.g4 Kh6 51.gxh5 f5 52.Ne1 g4+ 53.Kg3 Bc7+ 54.
Kf2 Qd4+ 55.Kg2 Qd5+ 56.Kf2 Qd4+ 57.Kg2 Qe4+ 58.Qxe4 fxe4 59.Nc2 Kxh5 60.
Nd4 Kh4 61.Nxb5 Be5 62.Na3 e3 63.Nc2 Bf4 64.b5 e2 65.b6 Be5 66.b7 Bd6 67.
Ne1 Bb8 68.Nc2 Kg5 69.Kf2 Kh4 70.Kxe2 Bxh2 71.Ne3 Bb8 1/2-1/2

[Event "7th EUR-ch (w)"]
[Site "Kusadasi TUR"]
[Date "2006.04.14"]
[Round "10"]
[White "Bensdorp, Marlies"]
[Black "Petrenko, Svetlana"]
[Result "1/2-1/2"]
[WhiteElo "2251"]
[BlackElo "2334"]
[EventDate "2006.04.04"]
[PlyCount "70"]

1.d4 d5 2.c4 c6 3.Nf3 Nf6 4.e3 g6 5.Bd3 Bg7 6.O-O O-O 7.Nbd2 dxc4 8.Nxc4 
b5 9.Nce5 Bb7 10.a4 a6 11.Qe2 Nbd7 12.Rd1 Qc7 13.Nxd7 Nxd7 14.axb5 cxb5 
15.e4 Rac8 16.Be3 e5 17.d5 Qd6 18.Nd2 Qb4 19.Nf1 f5 20.f3 f4 21.Bf2 g5 22.
Be1 Qd6 23.b4 Rfe8 24.Rdc1 Bf8 25.Qb2 h5 26.Rxc8 Rxc8 27.Rc1 Nb6 28.Rxc8 
Bxc8 29.Qc2 Bd7 30.Bf2 Na4 31.Be1 Qb8 32.Qc1 Bd6 33.Qd2 Qb6+ 34.Bf2 Qc7 
35.Be1 Qa7+ 1/2-1/2

[Event "7th EUR-ch (w)"]
[Site "Kusadasi TUR"]
[Date "2006.04.14"]
[Round "10"]
[White "Calotescu, Ana-Cristina"]
[Black "Makka, Ioulia"]
[Result "1/2-1/2"]
[WhiteElo "2325"]
[BlackElo "2198"]
[EventDate "2006.04.04"]
[PlyCount "56"]

1.c4 e6 2.Nf3 Nf6 3.g3 d5 4.b3 Be7 5.Bg2 O-O 6.O-O Nbd7 7.Bb2 c6 8.d3 Re8 
9.a3 a5 10.Nbd2 Bd6 11.d4 Bc7 12.Qc2 e5 13.cxd5 Nxd5 14.e4 N5f6 15.dxe5 
Nxe5 16.Nxe5 Bxe5 17.Bxe5 Rxe5 18.Nc4 Rh5 19.e5 Ng4 20.h3 Nxe5 21.Qe2 Nxc4
22.Qxh5 Nb6 23.Rad1 Qe7 24.Rfe1 Be6 25.Re5 g6 26.Qe2 Qxa3 27.Rxe6 fxe6 28.
Qxe6+ Kg7 1/2-1/2

[Event "7th EUR-ch (w)"]
[Site "Kusadasi TUR"]
[Date "2006.04.14"]
[Round "10"]
[White "Mamedyarova, Turkan"]
[Black "Baskite, Viktoria"]
[Result "1-0"]
[WhiteElo "2280"]
[BlackElo "2205"]
[EventDate "2006.04.04"]
[PlyCount "71"]

1.e4 d6 2.d4 Nf6 3.Bd3 c6 4.h3 e5 5.c3 Nbd7 6.Nf3 Qc7 7.O-O Be7 8.Nh2 d5 
9.exd5 Nxd5 10.c4 N5f6 11.dxe5 Nxe5 12.Bf4 Bd6 13.c5 Nf3+ 14.Nxf3 Bxf4 15.
Re1+ Be6 16.Nd4 O-O-O 17.Nxe6 fxe6 18.Qc2 Nd5 19.Be4 Qa5 20.Na3 g6 21.g3 
Bh6 22.Bg2 Rhe8 23.Qc4 Bf8 24.Rac1 Bg7 25.Qe2 Kb8 26.Bxd5 Rxd5 27.Nc4 Qxa2
28.Nd6 Re7 29.Qg4 Qxb2 30.Rb1 Qd2 31.Re4 h5 32.Qf3 e5 33.Qa3 Rd3 34.Qa4 
Rd4 35.Qb3 Rxe4 36.Qg8+ 1-0

[Event "7th EUR-ch (w)"]
[Site "Kusadasi TUR"]
[Date "2006.04.14"]
[Round "10"]
[White "Isgandarova, Khayala"]
[Black "Gavasheli, Ana"]
[Result "1-0"]
[WhiteElo "2104"]
[BlackElo "2244"]
[EventDate "2006.04.04"]
[PlyCount "127"]

1.e4 d5 2.exd5 Qxd5 3.Nc3 Qa5 4.d4 c6 5.Nf3 Nf6 6.Bc4 Bf5 7.Bd2 e6 8.d5 
Qc5 9.Qe2 cxd5 10.Bb5+ Nbd7 11.Ne5 a6 12.Bxd7+ Nxd7 13.Nxd7 Kxd7 14.g4 Bg6
15.f4 Bd6 16.Qf3 f5 17.gxf5 Bxf5 18.Be3 Qc4 19.O-O-O b5 20.Qg2 g6 21.Rd4 
Qc6 22.Rhd1 Rac8 23.R1d2 Bc5 24.Nxd5 Bxd4 25.Nb6+ Kc7 26.Qxc6+ Kxc6 27.
Bxd4 Rcd8 28.Bxh8 Rxh8 29.Nd7 Rd8 30.Ne5+ Kc7 31.Rxd8 Kxd8 32.Kd2 Kc7 33.
c4 bxc4 34.Kc3 Kd6 35.Kxc4 Bh3 36.Kd4 Ke7 37.a4 Kf6 38.b4 Bf1 39.Nc4 Bg2 
40.Nd6 g5 41.fxg5+ Kxg5 42.Ke5 Bd5 43.Ne4+ Kh4 44.Nc5 Bc6 45.Kd6 Be8 46.
Kxe6 Kh3 47.Ke7 Bc6 48.Kd6 Be8 49.a5 Bb5 50.Nxa6 Bxa6 51.Kc6 Kxh2 52.b5 
Bc8 53.Kc7 Bf5 54.b6 Be4 55.a6 h5 56.b7 Bxb7 57.axb7 h4 58.b8=Q h3 59.Kd6 
Kg2 60.Ke5 h2 61.Qb2+ Kg1 62.Qc1+ Kg2 63.Qd2+ Kg1 64.Kf4 1-0

[Event "7th EUR-ch (w)"]
[Site "Kusadasi TUR"]
[Date "2006.04.14"]
[Round "10"]
[White "Maksimovic, Suzana"]
[Black "Umudova, Nargiz"]
[Result "1-0"]
[WhiteElo "2295"]
[BlackElo "2174"]
[EventDate "2006.04.04"]
[PlyCount "97"]

1.d4 Nf6 2.c4 g6 3.Nc3 Bg7 4.Nf3 O-O 5.e3 d6 6.Be2 Nbd7 7.Qc2 e5 8.b3 Re8 
9.Bb2 Qe7 10.h3 h5 11.O-O-O e4 12.Nd2 Nf8 13.g4 hxg4 14.hxg4 N8h7 15.Rdg1 
Ng5 16.Kb1 c6 17.Qc1 a6 18.Qf1 b5 19.Qg2 bxc4 20.Nxc4 Be6 21.Qg3 Bxc4 22.
Bxc4 a5 23.Qf4 Nfh7 24.Ba3 Red8 25.Rg2 a4 26.Nxa4 c5 27.Rgh2 cxd4 28.exd4 
Bxd4 29.Rh6 Be5 30.Rxg6+ Kf8 31.Rxh7 Nxh7 32.Qh6+ Ke8 33.Bb5+ Rd7 34.Qxh7 
fxg6 35.Qxg6+ Kd8 36.Qg8+ Qe8 37.Qxe8+ Kxe8 38.Bxd7+ Ke7 39.Bf5 Rh8 40.
Bxe4 Rh2 41.f3 Bd4 42.Bb4 Ke6 43.Nc3 Ke5 44.a4 d5 45.Nxd5 Rb2+ 46.Kc1 Rxb3
47.Kc2 Rb2+ 48.Kd3 Rb3+ 49.Kc4 1-0

[Event "7th EUR-ch (w)"]
[Site "Kusadasi TUR"]
[Date "2006.04.14"]
[Round "10"]
[White "Andersson, Christin"]
[Black "Benderac, Ana"]
[Result "0-1"]
[WhiteElo "2170"]
[BlackElo "2293"]
[EventDate "2006.04.04"]
[PlyCount "92"]

1.e4 e5 2.Nf3 d6 3.d4 exd4 4.Qxd4 a6 5.Nc3 Nc6 6.Qd1 Nf6 7.h3 Be7 8.Be2 
O-O 9.O-O Re8 10.Re1 b5 11.a3 Bb7 12.Bd3 Ne5 13.Nxe5 dxe5 14.Qf3 c5 15.Bg5
c4 16.Bf1 Qb6 17.Rad1 Rad8 18.Bxf6 Bxf6 19.Nd5 Bxd5 20.Rxd5 Rxd5 21.exd5 
Rd8 22.Rd1 Be7 23.c3 Bc5 24.Rd2 Rd6 25.g4 Rf6 26.Qg3 e4 27.Kg2 Bd6 28.Qe3 
Qxe3 29.fxe3 Rf3 30.Rd4 Rxe3 31.Kf2 Rf3+ 32.Ke2 f5 33.gxf5 Bg3 34.Rd1 Kf7 
35.Kd2 Ke7 36.Be2 e3+ 37.Kc1 Rf2 38.Rg1 Bh2 39.Re1 Kd6 40.a4 Kxd5 41.axb5 
axb5 42.Bg4 Ke4 43.Kb1 Bg3 44.Rg1 Kf4 45.Kc1 e2 46.Kd2 Rf1 0-1

[Event "7th EUR-ch (w)"]
[Site "Kusadasi TUR"]
[Date "2006.04.14"]
[Round "10"]
[White "Steil-Antoni, Fiona"]
[Black "Eckhardt, Claudia"]
[Result "1/2-1/2"]
[WhiteElo "1968"]
[BlackElo "2260"]
[EventDate "2006.04.04"]
[PlyCount "136"]

1.e4 c5 2.Nc3 Nc6 3.f4 g6 4.Nf3 Bg7 5.Bb5 Nd4 6.O-O a6 7.Bd3 d6 8.Nxd4 
cxd4 9.Ne2 Nf6 10.c3 dxc3 11.bxc3 Bd7 12.Bc2 O-O 13.Kh1 Qc7 14.Qe1 b5 15.
d4 Rac8 16.Bd3 Bc6 17.Ng3 Bb7 18.Bd2 e5 19.fxe5 dxe5 20.d5 Ne8 21.Rc1 Nd6 
22.Qe2 Rfe8 23.a4 Qd7 24.axb5 axb5 25.Qf2 Ra8 26.Ra1 Rxa1 27.Rxa1 f5 28.
Ra7 fxe4 29.Nxe4 Rf8 30.Qe2 Nc8 31.Bxb5 Qf7 32.Ng5 Qe7 33.Bc4 Kh8 34.Ra1 
Nd6 35.Ne6 Rc8 36.Bg5 Bf6 37.Bxf6+ Qxf6 38.Rf1 Nf5 39.Ba6 Bxa6 40.Qxa6 Re8
41.g4 Qh4 42.gxf5 Qe4+ 43.Kg1 gxf5 44.Rf2 Rg8+ 45.Kf1 Qb1+ 46.Ke2 Qc2+ 47.
Ke3 Qe4+ 48.Kd2 Qxd5+ 49.Nd4 exd4 50.Qf6+ Rg7 51.cxd4 Kg8 52.Re2 Qa2+ 53.
Ke3 Qd5 54.Qe5 Qxe5+ 55.dxe5 Kf7 56.Kf4 Ke6 57.h3 Rg1 58.Ra2 Rf1+ 59.Kg3 
Kxe5 60.Ra7 f4+ 61.Kg2 Rb1 62.Rxh7 Rb2+ 63.Kf3 Rb3+ 64.Kf2 Ke4 65.Re7+ Kf5
66.Rf7+ Kg5 67.Rg7+ Kf6 68.Rh7 Kg6 1/2-1/2

[Event "7th EUR-ch (w)"]
[Site "Kusadasi TUR"]
[Date "2006.04.14"]
[Round "10"]
[White "Smochina, Carolina"]
[Black "Van Weersel, Arlette"]
[Result "0-1"]
[WhiteElo "2252"]
[BlackElo "2148"]
[EventDate "2006.04.04"]
[PlyCount "92"]

1.c4 e5 2.g3 c6 3.d4 e4 4.Nc3 Bb4 5.Bd2 Bxc3 6.bxc3 Nf6 7.Bg2 d5 8.cxd5 
Qxd5 9.Qb3 O-O 10.Qxd5 cxd5 11.Rb1 b6 12.Nh3 Ba6 13.Bg5 Nbd7 14.Nf4 h6 15.
Bxf6 Nxf6 16.h4 Rac8 17.Kd2 Bc4 18.Rb2 Rc6 19.Rc1 b5 20.f3 Re8 21.fxe4 
Nxe4+ 22.Bxe4 Rxe4 23.h5 Rf6 24.Ra1 Ra6 25.e3 Kh7 26.Rg1 Re7 27.Ra1 g6 28.
hxg6+ fxg6 29.Rab1 Rf7 30.g4 g5 31.Nd3 Rf3 32.Rg1 Rh3 33.Rg2 Rxa2 34.Rxa2 
Bxa2 35.Rf2 a5 36.Rf7+ Kg8 37.Ra7 a4 38.Nf2 Rh2 39.Ke1 Bc4 40.Ra5 Rg2 41.
Ra7 Rg1+ 42.Kd2 Ra1 43.e4 a3 44.e5 a2 45.e6 Kf8 46.Nd3 Rb1 0-1

[Event "7th EUR-ch (w)"]
[Site "Kusadasi TUR"]
[Date "2006.04.14"]
[Round "10"]
[White "Pavlovskaya, Evgenia"]
[Black "Wilson, Alexandra"]
[Result "1-0"]
[WhiteElo "2182"]
[BlackElo "2099"]
[EventDate "2006.04.04"]
[PlyCount "105"]

1.e4 e6 2.d4 d5 3.Nd2 Nf6 4.e5 Nfd7 5.Bd3 c5 6.c3 Nc6 7.Ne2 cxd4 8.cxd4 f6
9.exf6 Qxf6 10.Nf3 h6 11.O-O Bd6 12.Ng3 O-O 13.Bb1 Rd8 14.Qd3 Nf8 15.Re1 
Bd7 16.Bd2 Be8 17.Qe3 Rac8 18.a3 a6 19.Ba2 b5 20.b4 Bg6 21.Rac1 Ne7 22.Ne5
Nf5 23.Nxf5 Bxf5 24.Nc6 Re8 25.Rc3 Nh7 26.Rec1 Kh8 27.Ne5 Rxc3 28.Rxc3 Ng5
29.Rc6 Bxe5 30.dxe5 Qg6 31.Qg3 Qh5 32.f3 Nf7 33.Bc3 Bd3 34.Qf4 Ng5 35.Bd4 
Qg6 36.Qg3 Be2 37.Rc1 Qf5 38.h4 Nf7 39.Bb3 Bd3 40.Bd1 Rg8 41.f4 Bb1 42.Bg4
Qe4 43.Qe3 Qg6 44.Qd2 Nd8 45.Bb6 Rf8 46.Rc8 Bd3 47.Qd1 Rxf4 48.Rxd8+ Kh7 
49.Bxe6 Qg3 50.Bg8+ Kh8 51.Bxd5+ Kh7 52.Bg8+ Kg6 53.Qxd3+ 1-0

[Event "7th EUR-ch (w)"]
[Site "Kusadasi TUR"]
[Date "2006.04.14"]
[Round "10"]
[White "Khudaverdieva, Afag"]
[Black "Coimbra, Margarida"]
[Result "1-0"]
[WhiteElo "2156"]
[BlackElo "2070"]
[EventDate "2006.04.04"]
[PlyCount "117"]

1.d4 d5 2.c4 c6 3.Nf3 Nf6 4.Nc3 e6 5.cxd5 exd5 6.Bg5 Be7 7.e3 Bf5 8.Bd3 
Bxd3 9.Qxd3 Nbd7 10.O-O O-O 11.Rab1 a5 12.Qc2 Ne4 13.Bxe7 Qxe7 14.Nxe4 
dxe4 15.Nd2 Rfe8 16.a3 c5 17.Nb3 cxd4 18.Nxd4 Ra6 19.f4 exf3 20.Rxf3 Ne5 
21.Rh3 Ng6 22.Rc1 Rb6 23.a4 h6 24.b3 Nf8 25.Rf1 Rf6 26.Rxf6 Qxf6 27.Rf3 
Qe5 28.Qc4 Re7 29.Nb5 Qe6 30.Qc3 b6 31.Kf2 Qe5 32.Qxe5 Rxe5 33.Nd6 f6 34.
Nc4 Re6 35.Rf5 Nd7 36.Rb5 Kf7 37.Ke2 Ke7 38.Kd3 Kd8 39.Kd4 Ke7 40.e4 Rc6 
41.g4 g5 42.b4 axb4 43.Rxb4 Rc8 44.a5 bxa5 45.Nxa5 Kd6 46.Nc4+ Ke6 47.Ra4 
Ne5 48.Ra6+ Kd7 49.Nxe5+ fxe5+ 50.Kd5 Rb8 51.Kxe5 Rb5+ 52.Kd4 Rb4+ 53.Kd5 
Rb5+ 54.Kc4 Rb2 55.Rxh6 Rg2 56.h3 Rg3 57.Kd5 Rd3+ 58.Ke5 Rf3 59.Rh7+ 1-0

[Event "7th EUR-ch (w)"]
[Site "Kusadasi TUR"]
[Date "2006.04.14"]
[Round "10"]
[White "Mira, Helene"]
[Black "Makka, Evanthia"]
[Result "1-0"]
[WhiteElo "2140"]
[BlackElo "2046"]
[EventDate "2006.04.04"]
[PlyCount "97"]

1.Nf3 Nf6 2.c4 Nc6 3.d4 d6 4.g3 e5 5.dxe5 Nxe5 6.Bg2 Be7 7.O-O O-O 8.b3 
Nxf3+ 9.Bxf3 Ng4 10.Nc3 Bf6 11.Bb2 Re8 12.Qc2 Ne5 13.Bg2 Nc6 14.Rad1 Bg4 
15.Rfe1 Qc8 16.Nd5 Bxb2 17.Qxb2 Ne7 18.Ne3 Bh3 19.Bh1 Ng6 20.Qd4 Ne7 21.
Qh4 Be6 22.Qd4 Bh3 23.Rd2 a6 24.Nd5 Rb8 25.Rc1 Nc6 26.Qh4 Bg4 27.Nxc7 Rxe2
28.Rxe2 Bxe2 29.Nd5 Qf8 30.Nc3 Bd3 31.Rd1 Bg6 32.Qf4 Rd8 33.Qe3 Bh5 34.Re1
f6 35.Bd5+ Kh8 36.f4 Nb4 37.Qe7 Qxe7 38.Rxe7 Nxd5 39.Nxd5 b5 40.cxb5 axb5 
41.Kf2 Bg6 42.Ke3 h6 43.Nc7 Bb1 44.a3 Ba2 45.b4 Bc4 46.Re8+ Rxe8+ 47.Nxe8 
d5 48.Kd4 h5 49.Nc7 1-0

[Event "7th EUR-ch (w)"]
[Site "Kusadasi TUR"]
[Date "2006.04.14"]
[Round "10"]
[White "Bensdorp, Laura"]
[Black "Agrest, Inna"]
[Result "1-0"]
[WhiteElo "2098"]
[BlackElo "2051"]
[EventDate "2006.04.04"]
[PlyCount "61"]

1.e4 e5 2.Nf3 Nc6 3.d4 exd4 4.Nxd4 Qh4 5.Nc3 Bb4 6.Nb5 Qxe4+ 7.Be2 Bxc3+ 
8.bxc3 Kd8 9.O-O a6 10.Nd4 Nxd4 11.cxd4 Nf6 12.Bf3 Qg6 13.c4 d6 14.Qb3 Rb8
15.c5 Ne4 16.Re1 Be6 17.d5 Bf5 18.Bf4 b6 19.Rac1 Bd7 20.c6 Bf5 21.Qe3 Nf6 
22.Bxd6 Re8 23.Be7+ Kc8 24.d6 cxd6 25.c7 Rb7 26.Qa3 Ra7 27.Bxf6 Rxe1+ 28.
Rxe1 Be6 29.Be7 Rxc7 30.Bxd6 Ra7 31.Bf4 1-0

[Event "7th EUR-ch (w)"]
[Site "Kusadasi TUR"]
[Date "2006.04.15"]
[Round "11"]
[White "Gaponenko, Inna"]
[Black "Celuskina, Irina"]
[Result "1-0"]
[WhiteElo "2430"]
[BlackElo "2320"]
[EventDate "2006.04.04"]
[PlyCount "137"]

1.e4 c5 2.Nf3 e6 3.d4 cxd4 4.Nxd4 Nf6 5.Nc3 Nc6 6.Nxc6 bxc6 7.e5 Nd5 8.Ne4
Qc7 9.f4 Qb6 10.c4 Bb4+ 11.Ke2 f5 12.Nf2 Bc5 13.Nd3 Ne3 14.Qb3 Nxf1 15.
Qxb6 Bxb6 16.Rxf1 Ba6 17.b3 c5 18.Be3 Rc8 19.a4 Bb7 20.a5 Bd8 21.Nxc5 Bxg2
22.Rg1 Ba8 23.Rxg7 Be7 24.b4 Bf8 25.Rgg1 h5 26.a6 Rc7 27.Kd3 Kf7 28.Kc3 
Be7 29.Rgd1 Rd8 30.Kb3 Rb8 31.Nd3 Bf3 32.Rd2 Rbc8 33.Rc1 Bc6 34.Bc5 Rg8 
35.Bd6 Rcc8 36.b5 Be4 37.Nb4 Bd8 38.Na2 Rg4 39.Bb4 Ke8 40.Rf1 h4 41.Nc3 
Bg2 42.Rff2 h3 43.c5 Ra8 44.Rd4 Bg5 45.Ka4 Rb8 46.Nd1 Bh4 47.Rb2 Bf1 48.
Ba3 Rg2 49.Rdb4 Be7 50.Ne3 Be2 51.Rd4 Bf3 52.Rdd2 Rg1 53.Nc4 Ra1 54.Nd6+ 
Kf8 55.Ra2 Rb1 56.Bb2 Bd8 57.Ra1 Rxa1+ 58.Bxa1 Ra8 59.Bc3 Bg2 60.Nb7 Ke8 
61.Nxd8 Rxd8 62.b6 axb6 63.cxb6 Ra8 64.a7 Bb7 65.Rd3 Bg2 66.Kb4 Ke7 67.
Rxh3 Rg8 68.Rh7+ Ke8 69.Kc5 1-0

[Event "7th EUR-ch (w)"]
[Site "Kusadasi TUR"]
[Date "2006.04.15"]
[Round "11"]
[White "Velcheva, Maria"]
[Black "Peng Zhaoqin"]
[Result "1-0"]
[WhiteElo "2279"]
[BlackElo "2395"]
[EventDate "2006.04.04"]
[PlyCount "77"]

1.e4 e6 2.d4 d5 3.Nd2 c5 4.exd5 Qxd5 5.Ngf3 cxd4 6.Bc4 Qd6 7.O-O Nf6 8.Nb3
Nc6 9.Nbxd4 Nxd4 10.Nxd4 Bd7 11.c3 Qc7 12.Bb3 Bd6 13.h3 O-O 14.Qe2 Rad8 
15.Bg5 Qc5 16.Qe3 Bb8 17.Rfe1 Qd6 18.Rad1 Qh2+ 19.Kf1 Rfe8 20.Nf3 Qc7 21.
g3 Bc6 22.Nd4 Nd5 23.Qe2 Rc8 24.Nxc6 bxc6 25.c4 Ne7 26.Bc2 Ng6 27.h4 Nf8 
28.c5 Qb7 29.a3 Bc7 30.b4 a5 31.Bd2 axb4 32.axb4 Rcd8 33.Bc3 e5 34.Rxd8 
Bxd8 35.Rd1 f6 36.Qc4+ Kh8 37.Bb3 Ng6 38.h5 Ne7 39.Qf7 1-0

[Event "7th EUR-ch (w)"]
[Site "Kusadasi TUR"]
[Date "2006.04.15"]
[Round "11"]
[White "Melia, Salome"]
[Black "Khotenashvili, Bela"]
[Result "1-0"]
[WhiteElo "2391"]
[BlackElo "2291"]
[EventDate "2006.04.04"]
[PlyCount "115"]

1.e4 e5 2.Nf3 Nf6 3.Nc3 Bb4 4.Bc4 Bxc3 5.dxc3 d6 6.Qe2 O-O 7.Bg5 Be6 8.
O-O-O Nbd7 9.h4 Qe8 10.Kb1 Rb8 11.h5 h6 12.Bc1 Bxc4 13.Qxc4 Nc5 14.Nd2 b5 
15.Qe2 b4 16.c4 Ne6 17.Nf1 Nf4 18.Qf3 Qc6 19.Bxf4 exf4 20.Nd2 Rfe8 21.Rde1
Re5 22.Qxf4 Nxh5 23.Qe3 Qc5 24.Qxc5 Rxc5 25.e5 Nf4 26.exd6 cxd6 27.g3 Ne6 
28.b3 d5 29.Rh5 Rd8 30.Rxd5 Rdxd5 31.cxd5 Rxd5 32.Kc1 Rf5 33.f4 h5 34.Nf3 
Rc5 35.Re3 h4 36.Nxh4 Nd4 37.Kd2 Nxc2 38.Re8+ Kh7 39.Re7 Na3 40.Rxa7 Rc2+ 
41.Kd3 Rc3+ 42.Ke4 Nb5 43.Ra5 Rc5 44.Ke3 Rc3+ 45.Ke4 Rc5 46.Ra6 f5+ 47.Ke3
Rc3+ 48.Kf2 Rc2+ 49.Kf3 Rc3+ 50.Kg2 Rc2+ 51.Kh3 Nd4 52.Rb6 Rxa2 53.Rxb4 
Rd2 54.Rb6 Rd3 55.Rd6 g5 56.Nxf5 gxf4 57.Rxd4 Rxb3 58.Rxf4 1-0

[Event "7th EUR-ch (w)"]
[Site "Kusadasi TUR"]
[Date "2006.04.15"]
[Round "11"]
[White "Zozulia, Anna"]
[Black "Dzagnidze, Nana"]
[Result "1/2-1/2"]
[WhiteElo "2355"]
[BlackElo "2454"]
[EventDate "2006.04.04"]
[PlyCount "119"]

1.e4 c5 2.Nf3 d6 3.d4 cxd4 4.Nxd4 Nf6 5.Nc3 a6 6.Be2 e5 7.Nf3 Be7 8.O-O 
O-O 9.h3 b5 10.Bg5 Nbd7 11.Nd5 Nxd5 12.Qxd5 Nb6 13.Bxe7 Qxe7 14.Qc6 Rb8 
15.Rfd1 Rd8 16.b3 Be6 17.a4 d5 18.exd5 Bxd5 19.Qc3 Bxf3 20.Bxf3 bxa4 21.
bxa4 Rxd1+ 22.Rxd1 Nxa4 23.Qa5 Nc5 24.Rd5 Rc8 25.Bg4 Rc7 26.Qc3 f6 27.Qc4 
Kf8 28.Qb4 g6 29.Qb8+ Kg7 30.Rd8 a5 31.Re8 Qf7 32.Rg8+ Kh6 33.Rf8 Qe7 34.
Re8 Rb7 35.Qa8 Qc7 36.Rc8 Rb1+ 37.Kh2 Qb7 38.Qxa5 Ne4 39.Rc7 Qb2 40.Qd5 
Qd4 41.Qxd4 exd4 42.Rc4 Nxf2 43.Rxd4 Rc1 44.c4 f5 45.Bf3 g5 46.Rd2 Rh1+ 
47.Kg3 Rf1 48.Rd6+ Kg7 49.Kh2 Rc1 50.Kg3 Rc2 51.c5 h5 52.Rd7+ Kf6 53.Bxh5 
Ne4+ 54.Kh2 Rxc5 55.Bf3 Ke5 56.Bxe4 fxe4 57.Kg3 Rc4 58.Rg7 Kf5 59.Rf7+ Ke5
60.Rg7 1/2-1/2